[Event "Challenge"]
[Site "http://www.queenalice.com/game.php?id=293846"]
[Date "2007.10.27"]
[Round "-"]
[White "jras"]
[Black "luizpessoa"]
[Result "1-0"]
[WhiteElo "1874"]
[BlackElo "1655"]

1. e4 c5 2. Nc3 Nc6 3. f4 a6 4. Nf3 d6 5. g3 Bg4 6. h3 Bxf3 7. Qxf3 Nd4 8. Qd1
e5 9. d3 Be7 10. Nd5 exf4 11. Bxf4 Nf6 12. Nxe7 Qxe7 13. Bg2 Rb8 14. O-O O-O 15.
c3 Nc6 16. Qd2 b6 17. Bg5 Ne5 18. Bxf6 gxf6 19. Qh6 Nxd3 20. Rf5 Ne5 21. Rh5 Kh8
22. Qxh7# 1-0

[Event "Challenge"]
[Site "http://www.queenalice.com/game.php?id=295531"]
[Date "2007.10.30"]
[Round "-"]
[White "jras"]
[Black "rsgaspar"]
[Result "1-0"]
[WhiteElo "1855"]
[BlackElo "1775"]

1. e4 e5 2. Nf3 Nc6 3. d4 exd4 4. Bc4 h6 5. O-O d6 6. c3 dxc3 7. Nxc3 Nf6 8. Qb3
Qe7 9. Bd2 a6 10. Nd5 Nxd5 11. Bxd5 Rb8 12. Bxc6+ Kd8 13. Bd5 b5 14. Nd4 Bb7 15.
Bxb7 Rxb7 16. Nc6+ 1-0

[Event "Challenge"]
[Site "http://www.queenalice.com/game.php?id=295532"]
[Date "2007.10.30"]
[Round "-"]
[White "rsgaspar"]
[Black "jras"]
[Result "0-1"]
[WhiteElo "1793"]
[BlackElo "1883"]

1. e4 c5 2. Nf3 g6 3. Bc4 Bg7 4. c3 e6 5. a3 d5 6. Ba2 dxe4 7. Ng1 b6 8. d3 Bb7
9. Qa4+ Bc6 10. Qc4 exd3 11. Nd2 Bxg2 12. f3 Bxh1 13. Ne4 Qh4+ 14. Kd2 Qxh2+ 15.
Kxd3 Qxg1 16. Qb5+ Kf8 17. Nd6 Qf1+ 18. Kc2 Qxb5 19. Nxb5 Bxf3 20. Nc7 Nd7 21.
Nxa8 Bxa8 22. Be3 h5 23. Rf1 Bd5 24. c4 Be4+ 25. Kc1 Bh6 26. Bxh6+ Nxh6 27. Kd2
f5 28. b4 h4 29. Bb3 h3 30. Rf2 Ng4 0-1

[Event "Challenge"]
[Site "http://www.queenalice.com/game.php?id=299309"]
[Date "2007.11.6"]
[Round "-"]
[White "jras"]
[Black "Tonyc"]
[Result "0-1"]
[WhiteElo "1854"]
[BlackElo "1838"]

1. e4 Nc6 2. Nf3 e6 3. d4 h6 4. Nc3 g6 5. Be3 d5 6. Be2 Bg7 7. O-O Nge7 8. e5
O-O 9. Rc1 a6 10. a4 Bd7 11. Qd2 Nf5 12. Nd1 Qe7 13. c4 Qb4 14. cxd5 Qxd2 15.
Nxd2 exd5 16. Bf3 Nce7 17. Rxc7 Bxa4 18. Rxb7 Rab8 19. Ra7 Bxd1 20. Rxd1 Nxe3
21. fxe3 Nf5 22. Kf2 Rxb2 23. Rxa6 Rc8 0-1

[Event "Challenge"]
[Site "http://www.queenalice.com/game.php?id=299310"]
[Date "2007.11.6"]
[Round "-"]
[White "Tonyc"]
[Black "jras"]
[Result "1-0"]
[WhiteElo "1873"]
[BlackElo "1814"]

1. e4 c5 2. Nf3 g6 3. Bc4 Bg7 4. O-O Nc6 5. a3 a5 6. Nc3 d6 7. h3 e6 8. Re1 Nge7
9. d3 O-O 10. Bg5 b6 11. Qc1 Qd7 12. Bh6 Nd4 13. Nxd4 cxd4 14. Ne2 b5 15. Ba2 e5
16. c3 Nc6 17. cxd4 Nxd4 18. Nxd4 exd4 19. Bxg7 Kxg7 20. Qg5 Bb7 21. Rac1 Rac8
22. Rxc8 Rxc8 23. e5 Rc5 24. Qf6+ Kh6 25. e6 fxe6 26. Qf8+ Kh5 27. Bxe6 Qc6 28.
Bg4+ Kg5 29. f3 Rc1 30. h4+ 1-0

[Event "AUTO-ADV-709"]
[Site "http://www.queenalice.com/game.php?id=302469"]
[Date "2007.11.12"]
[Round "1"]
[White "Camaraujo"]
[Black "jras"]
[Result "1-0"]
[WhiteElo "2244"]
[BlackElo "1834"]

1. d4 Nf6 2. c4 e6 3. Nf3 Bb4+ 4. Bd2 Qe7 5. g3 Nc6 6. Nc3 Bxc3 7. Bxc3 Ne4 8.
Rc1 O-O 9. Bg2 d6 10. d5 Nxc3 11. Rxc3 exd5 12. cxd5 Ne5 13. Nxe5 dxe5 14. Qc2
c6 15. dxc6 bxc6 16. Bxc6 Rb8 17. O-O Bh3 18. Rc1 Rfd8 19. Be4 g6 20. e3 1-0

[Event "AUTO-ADV-709"]
[Site "http://www.queenalice.com/game.php?id=302470"]
[Date "2007.11.12"]
[Round "1"]
[White "jras"]
[Black "Camaraujo"]
[Result "0-1"]
[WhiteElo "1836"]
[BlackElo "2243"]

1. e4 c5 2. Nc3 Nc6 3. f4 g6 4. Nf3 Bg7 5. Bb5 Nd4 6. O-O a6 7. Bc4 e6 8. e5 d5
9. Be2 Nxe2+ 10. Qxe2 Ne7 11. b3 b6 12. Qf2 O-O 13. Ne2 Bd7 14. d4 Qc7 15. c3
Bb5 16. a4 Bd3 0-1

[Event "AUTO-ADV-709"]
[Site "http://www.queenalice.com/game.php?id=302483"]
[Date "2007.11.12"]
[Round "1"]
[White "jras"]
[Black "vila1"]
[Result "1-0"]
[WhiteElo "1896"]
[BlackElo "1617"]

1. e4 c5 2. Nc3 d6 3. f4 Nf6 4. Nf3 Nc6 5. Bc4 a6 6. a4 Na5 7. Be2 Bg4 8. d3 e6
9. h3 Bxf3 10. Bxf3 Be7 11. O-O O-O 12. e5 dxe5 13. fxe5 Qd4+ 14. Kh1 Qxe5 15.
Qe1 Qxe1 16. Rxe1 Bd6 17. Bg5 Nd7 18. Ne4 Bc7 19. Be7 Rfe8 20. Bxc5 b6 21. Bd6
Bxd6 22. Nxd6 Red8 23. Bxa8 Rxa8 24. b4 Nc6 25. c3 Rd8 26. b5 axb5 27. axb5 Nce5
28. d4 Ng6 29. Ra7 Nh8 30. Nc4 Kf8 31. Rb7 Ng6 32. Nxb6 Nxb6 33. Rxb6 Rc8 34.
Rc6 Rb8 35. c4 Rd8 36. Ra1 Rxd4 37. Rc7 Rd8 38. b6 Ne7 39. b7 f6 40. Ra8 Rxa8
41. bxa8=Q+ Kf7 42. Qb7 Kg6 43. Rxe7 e5 44. Rxg7+ Kf5 45. Qf3+ Ke6 46. g4 h5 47.
Qd5# 1-0

[Event "AUTO-ADV-709"]
[Site "http://www.queenalice.com/game.php?id=302484"]
[Date "2007.11.12"]
[Round "1"]
[White "vila1"]
[Black "jras"]
[Result "0-1"]
[WhiteElo "1783"]
[BlackElo "1820"]

1. c4 c5 2. g3 g6 3. Bg2 Bg7 4. e3 Nc6 5. Ne2 e5 6. Nbc3 Nge7 7. a3 d6 8. O-O
O-O 9. Rb1 Rb8 10. b4 cxb4 11. axb4 Be6 12. Nd5 a6 13. Nec3 Bd7 14. e4 Nd4 15.
Bb2 Rc8 16. d3 Bc6 17. Nxe7+ Qxe7 18. Nd5 Bxd5 19. Bxd4 Bxc4 20. Bxe5 dxe5 21.
dxc4 Rxc4 22. Qb3 b5 23. Rfc1 Rfc8 24. Rxc4 Rxc4 25. Qa3 Qd6 26. Bf3 Bf8 27. Kg2
Kg7 28. Rd1 Qxb4 29. Qxa6 Rc2 30. Qa1 Qc5 31. Rd5 Qxf2+ 32. Kh3 Qxh2+ 33. Kg4
Qh5# 0-1

[Event "AUTO-ADV-709"]
[Site "http://www.queenalice.com/game.php?id=302485"]
[Date "2007.11.12"]
[Round "1"]
[White "jras"]
[Black "Pretender"]
[Result "1-0"]
[WhiteElo "1836"]
[BlackElo "1881"]

1. e4 c5 2. Nc3 a6 3. g3 b5 4. Bg2 Bb7 5. f4 Nf6 6. Nf3 Nxe4 7. Nxe4 Bxe4 8. d3
Bb7 9. Qe2 e6 10. Bd2 Be7 11. h4 Nc6 12. Be3 Qc7 13. g4 O-O-O 14. Ne5 Nxe5 15.
fxe5 Qxe5 16. Bxb7+ Kxb7 17. O-O-O d5 18. Rhf1 1-0

[Event "AUTO-ADV-709"]
[Site "http://www.queenalice.com/game.php?id=302486"]
[Date "2007.11.12"]
[Round "1"]
[White "Pretender"]
[Black "jras"]
[Result "1-0"]
[WhiteElo "1916"]
[BlackElo "1849"]

1. Nf3 c5 2. c4 g6 3. g3 Bg7 4. Bg2 Nc6 5. Nc3 d6 6. O-O e5 7. Ne1 Nge7 8. a3
Be6 9. Nd5 Rb8 10. Nc2 O-O 11. b4 cxb4 12. axb4 e4 13. Nc3 Bxc4 14. Bxe4 a6 15.
Ra3 1-0

[Event "Challenge"]
[Site "http://www.queenalice.com/game.php?id=303532"]
[Date "2007.11.14"]
[Round "-"]
[White "jras"]
[Black "KLEOJ"]
[Result "0-1"]
[WhiteElo "1848"]
[BlackElo "1956"]

1. e4 Nc6 2. Nf3 e5 3. Bb5 Bc5 4. O-O Nf6 5. Nxe5 O-O 6. Nxc6 dxc6 7. Be2 Nxe4
8. d3 Nf6 9. Bg5 h6 10. Bxf6 Qxf6 11. Nc3 Bf5 12. Ne4 Bxe4 13. dxe4 Rfe8 14. Bd3
Rad8 15. Qe2 Bb6 16. b4 a5 17. a3 axb4 18. axb4 Ra8 19. Rad1 Bd4 20. Kh1 Ra4 21.
Rb1 b5 22. Rb3 Rea8 23. g3 Bc3 24. Rfb1 Qd4 25. Qe3 Qf6 26. Bxb5 Bd4 27. e5 Qd8
28. Qd2 cxb5 29. Rd1 c5 30. bxc5 Qd5+ 31. f3 Qxc5 32. e6 fxe6 33. Rd3 Bf6 0-1

[Event "AUTO-ADV-715"]
[Site "http://www.queenalice.com/game.php?id=305612"]
[Date "2007.11.17"]
[Round "1"]
[White "jonathanodonnell"]
[Black "jras"]
[Result "0-1"]
[WhiteElo "1832"]
[BlackElo "1832"]

1. e4 c5 2. Nf3 g6 3. d4 cxd4 4. Nxd4 Nc6 5. Nc3 Bg7 6. Be3 Nf6 7. Qd2 O-O 8.
O-O-O d5 9. exd5 Nxd5 10. Nxd5 Qxd5 11. Kb1 Rd8 12. Nb3 Be6 13. f3 Qe5 14. Qc1
Rxd1 15. Qxd1 Qxb2# 0-1

[Event "AUTO-ADV-715"]
[Site "http://www.queenalice.com/game.php?id=305613"]
[Date "2007.11.17"]
[Round "1"]
[White "jras"]
[Black "jonathanodonnell"]
[Result "1-0"]
[WhiteElo "1861"]
[BlackElo "1853"]

1. e4 c6 2. d4 d5 3. exd5 cxd5 4. Bd3 Nc6 5. c3 e5 6. dxe5 Nxe5 7. Bb5+ Nc6 8.
Nf3 a6 9. Be2 Bf5 10. Nbd2 Bc5 11. Nb3 Ba7 12. O-O Nf6 13. Nbd4 Bg6 14. Bg5 h6
15. Bxf6 Qxf6 16. Qa4 O-O 17. Rad1 Rfe8 18. Nxc6 Qxc6 19. Qxc6 bxc6 20. Bxa6
Bxf2+ 21. Rxf2 Rxa6 22. Nd4 c5 23. Nb3 c4 24. Nc1 Be4 25. a3 Rae6 26. Ne2 f5 27.
Ng3 Bd3 28. h4 g6 29. h5 Kg7 30. hxg6 Kxg6 31. Rfd2 f4 32. Nh1 Re1+ 33. Rxe1
Rxe1+ 34. Kh2 Re2 35. Rxe2 Bxe2 36. a4 Kg5 37. a5 Bg4 38. a6 Bc8 39. a7 Bb7 40.
Nf2 Kf5 41. Kg1 h5 42. Kf1 Ke5 43. Nh3 d4 44. cxd4+ Kxd4 45. Nxf4 h4 46. Ne6+
Kd3 47. Nc7 Kc2 48. a8=Q Bxa8 49. Nxa8 Kxb2 50. Nb6 c3 51. Nc4+ Kc2 52. Ke2 Kb3
53. Ne3 Kb4 54. Nd5+ Kc4 55. Nxc3 Kxc3 56. Kf3 1-0

[Event "AUTO-ADV-715"]
[Site "http://www.queenalice.com/game.php?id=305630"]
[Date "2007.11.17"]
[Round "1"]
[White "jras"]
[Black "Artking"]
[Result "1-0"]
[WhiteElo "1800"]
[BlackElo "1901"]

1. e4 c5 2. Nc3 Nc6 3. f4 d6 4. Nf3 Nf6 5. Bb5 Bd7 6. O-O g6 7. d3 Bg7 8. Qe1
Nd4 9. Bxd7+ Qxd7 10. Be3 Nxc2 11. Qf2 Nxa1 12. Rxa1 Ng4 13. Qd2 Nxe3 14. Qxe3
h6 15. e5 O-O 16. Ne4 Rae8 17. Rf1 f5 18. Nc3 b5 19. b3 a6 20. a3 e6 21. b4 cxb4
22. axb4 d5 23. Nd4 Rc8 24. Nce2 Qe7 25. Ra1 Qa7 26. Qd2 Rc7 27. Kf1 Rfc8 28.
Nxe6 Rc2 29. Qe1 Qe3 30. N6d4 Rb2 31. Qg3 Qd2 32. Qxg6 Rxb4 33. Qe6+ Kh7 34.
Qxf5+ Kg8 35. Qxc8+ Kh7 36. Qxa6 Qxd3 37. f5 Rb1+ 38. Rxb1 Qxb1+ 39. Kf2 Qe4 40.
Qg6+ Kh8 41. Qe8+ Kh7 42. f6 Bxf6 43. Qf7+ Bg7 44. Ne6 Qg4 45. h3 1-0

[Event "AUTO-ADV-715"]
[Site "http://www.queenalice.com/game.php?id=305631"]
[Date "2007.11.17"]
[Round "1"]
[White "Artking"]
[Black "jras"]
[Result "0-1"]
[WhiteElo "1785"]
[BlackElo "1835"]

1. e4 c5 2. Nf3 g6 3. d4 cxd4 4. Nxd4 Nc6 5. Nc3 Bg7 6. Be3 Nf6 7. f3 O-O 8. Bc4
Qb6 9. Nf5 Qxb2 10. Nd5 Nxd5 11. Nxg7 Nxe3 0-1

[Event "AUTO-ADV-715"]
[Site "http://www.queenalice.com/game.php?id=305632"]
[Date "2007.11.17"]
[Round "1"]
[White "jras"]
[Black "Dollar"]
[Result "1-0"]
[WhiteElo "1849"]
[BlackElo "1760"]

1. e4 e5 2. Nf3 Nc6 3. d4 exd4 4. Bc4 d6 5. Nxd4 Ne5 6. Bb3 Be7 7. O-O Nf6 8.
Nc3 O-O 9. Re1 Bg4 10. Nde2 Ng6 11. f3 Bh5 12. Ng3 c6 13. Bg5 Ne5 14. Bxf6 Bxf3
15. Bxe7 Qb6+ 16. Kf1 Bxd1 17. Raxd1 Ng4 18. Re2 Nxh2+ 19. Ke1 Rfe8 20. Bxd6
Rad8 21. Rf2 1-0

[Event "AUTO-ADV-715"]
[Site "http://www.queenalice.com/game.php?id=305633"]
[Date "2007.11.17"]
[Round "1"]
[White "Dollar"]
[Black "jras"]
[Result "0-1"]
[WhiteElo "1774"]
[BlackElo "1835"]

1. e4 c5 2. Nf3 g6 3. Bc4 Bg7 4. Nc3 Nc6 5. O-O d6 6. Re1 e6 7. d3 Nf6 8. e5
Nxe5 9. Nxe5 dxe5 10. Bg5 O-O 11. Rxe5 Qb6 12. Na4 Qc7 13. Rxc5 Qb8 14. Qd2 Nd5
15. Bxd5 exd5 16. Rxd5 Be6 17. Rc5 b6 18. Bf4 Qe8 19. Rc7 Qxa4 20. b3 Qa6 0-1

[Event "Challenge"]
[Site "http://www.queenalice.com/game.php?id=359301"]
[Date "2008.2.23"]
[Round "-"]
[White "FENIX_RJ"]
[Black "jras"]
[Result "0-1"]
[WhiteElo "1547"]
[BlackElo "1901"]

1. e4 c5 2. Bc4 g6 3. Qf3 e6 4. d3 Nc6 5. Nh3 Ne5 6. Qe2 Nf6 7. Bg5 h6 8. Bf4
Nxc4 9. dxc4 Bg7 10. Nc3 O-O 11. Bd6 Qb6 12. Bxf8 Qxb2 13. Nd1 Qxa1 14. Bxc5 b6
15. Bb4 Ba6 16. Kd2 Rc8 17. Bc3 Nxe4+ 18. Qxe4 Bxc3+ 19. Ke2 Bxc4+ 20. Ke3 Bd5
21. Qd3 Qc1+ 22. Ke2 Bc4 23. Ne3 Bxd3+ 24. Kxd3 Qxh1 25. Nf4 Qe1 26. Ne2 Qd2+
27. Ke4 Qxe2 28. f4 Rc4# 0-1

[Event "AUTO-ADV-715"]
[Site "http://www.queenalice.com/game.php?id=381454"]
[Date "2008.4.3"]
[Round "2"]
[White "jras"]
[Black "JMRNETO"]
[Result "0-1"]
[WhiteElo "1887"]
[BlackElo "1920"]

1. e4 e5 2. Nf3 Nc6 3. d4 exd4 4. Nxd4 Qf6 5. Be3 Bc5 6. c3 Nge7 7. Bc4 O-O 8.
O-O Nxd4 9. cxd4 Bb6 10. Nc3 Nc6 11. Nd5 Qg6 0-1

[Event "AUTO-ADV-715"]
[Site "http://www.queenalice.com/game.php?id=381455"]
[Date "2008.4.3"]
[Round "2"]
[White "JMRNETO"]
[Black "jras"]
[Result "1-0"]
[WhiteElo "1904"]
[BlackElo "1903"]

1. e4 c5 2. Nf3 g6 3. Bc4 Bg7 4. d4 cxd4 5. Nxd4 Nc6 6. Nxc6 bxc6 7. c3 d6 8.
Be3 Nf6 9. Nd2 Ng4 10. Qf3 O-O 11. O-O 1-0

[Event "AUTO-ADV-715"]
[Site "http://www.queenalice.com/game.php?id=381456"]
[Date "2008.4.3"]
[Round "2"]
[White "jras"]
[Black "NatanEstivallet"]
[Result "0-1"]
[WhiteElo "1872"]
[BlackElo "1962"]

1. e4 c6 2. d4 d5 3. exd5 cxd5 4. Bd3 Nc6 5. c3 Nf6 6. Bf4 Bg4 7. Qb3 Qd7 8. Nd2
e6 9. Ngf3 Bd6 10. Bg3 Bxg3 11. hxg3 O-O-O 12. O-O-O Kb8 13. Bb5 Ne4 0-1

[Event "AUTO-ADV-715"]
[Site "http://www.queenalice.com/game.php?id=381457"]
[Date "2008.4.3"]
[Round "2"]
[White "NatanEstivallet"]
[Black "jras"]
[Result "1-0"]
[WhiteElo "1974"]
[BlackElo "1860"]

1. d4 d5 2. c4 e6 3. Nc3 Nf6 4. Bg5 Be7 5. cxd5 exd5 6. Nf3 O-O 7. e3 c6 8. Bd3
Nbd7 9. O-O Re8 10. Qc2 Nf8 11. Ne5 Ng4 12. Bxe7 Qxe7 13. Nxg4 1-0